|
|
|
|
| LEADER |
01230nam a22002897a 4500 |
| 001 |
37499 |
| 003 |
BD-DhAAL |
| 005 |
20220113114922.0 |
| 008 |
210623r19902018ii a|||| b||| 001 0 eng d |
| 999 |
|
|
|c 43232
|d 43232
|
| 020 |
|
|
|a 9780521543057 (paperback)
|
| 040 |
|
|
|a BD-DhAAL
|
| 082 |
|
|
|a 320.954
|2 20
|
| 100 |
|
|
|a Brass, Paul R.,
|d 1936-
|9 41072
|
| 245 |
|
|
|a The politics of India since independence /
|c Paul R. Brass.
|
| 246 |
|
|
|a The New Cambridge history of India :
|b the politics of India since independence /
|
| 250 |
|
|
|a Second edition
|
| 260 |
|
|
|a Cambridge [England] ;
|a New York ;
|a New Delhi :
|b Cambridge University Press,
|c 1990 [Reprinted 2018]
|
| 300 |
|
|
|a xx, 403 pages :
|b illustrations, maps ;
|c 24 cm.
|
| 490 |
|
|
|a The New Cambridge history of India
|
| 504 |
|
|
|a Includes bibliographical references (pages 368-386) and index.
|
| 526 |
|
|
|a RS
|
| 541 |
|
|
|a Karim International
|e 37499
|
| 651 |
|
|
|a India
|x Politics and government
|y 1947-
|9 41073
|
| 852 |
|
|
|a Savar Campus Library
|c General stacks
|
| 942 |
|
|
|2 ddc
|c BK
|
| 952 |
|
|
|0 0
|1 0
|2 ddc
|4 0
|6 320_954000000000000_BRA
|7 0
|9 69328
|a SCL
|b SCL
|c GEN
|d 2021-03-25
|e Karim International
|g 2190.00
|l 1
|o 320.954 BRA
|p 3020037499
|r 2022-03-11
|s 2022-03-11
|t 1
|v 2190.00
|w 2021-03-25
|y BK
|